Neuroanatomía Funcional. Texto y Atlas

Salvato in:
Dettagli Bibliografici
Autore principale: Afifi, Adel K (autor)
Altri autori: Bergman, Ronald A (autor)
Natura: Sconosciuto
Pubblicazione: Ciudad de México, México: McGraw Hill, 2020.
Edizione:Tercera edición.
Soggetti:
Tags: Aggiungi Tag
Nessun Tag, puoi essere il primo ad aggiungerne!!

MARC

LEADER 00000 a2200000 4500
003 CL-VaPUC
005 20250117102826.0
008 250106t2020 ||||| |||| 00| 0 eng d
999 |c 445808  |d 445806 
020 |a 9786071514936 
040 |c Pontificia Universidad Católica de Valparaíso 
082 7 |a 611.8 AFI 2020  |2 22 
100 |a Afifi, Adel K  |9 893998  |e autor  
245 |a Neuroanatomía Funcional.  |b Texto y Atlas 
250 |a Tercera edición.  
260 |a Ciudad de México, México:   |b McGraw Hill,   |c 2020. 
300 |a viii, 514 páginas :  |b ilustraciones. 
583 |k GC  |c 20250106 
650 0 |a Neuroanatomía  |9 269717 
650 0 |a Sistema nervioso  |x Anatomía e histología  |v Atlas   |9 895084 
700 |a Bergman, Ronald A   |e autor  |9 895085 
942 |2 ddc  |c BK 
952 |0 0  |1 0  |2 ddc  |4 0  |6 611_800000000000000_AFI_2020  |7 0  |8 A  |9 598858  |a BIBCUR  |b BIBCUR  |d 2025-01-06  |e 3  |g 54590.00  |i 5663803  |o 611.8 AFI 2020  |p 5663803  |r 2025-04-22  |t 1  |v 54590.00  |w 2025-01-06  |y BK  |k KIN 
952 |0 0  |1 0  |2 ddc  |4 0  |6 611_800000000000000_AFI_2020  |7 0  |8 A  |9 598859  |a BIBCUR  |b BIBCUR  |d 2025-01-06  |e 3  |g 54590.00  |i 5663805  |o 611.8 AFI 2020  |p 5663805  |r 2025-04-22  |t 3  |v 54590.00  |w 2025-01-06  |y BK  |k KIN 
952 |0 0  |1 0  |2 ddc  |4 0  |6 611_800000000000000_AFI_2020  |7 0  |8 A  |9 598860  |a BIBCUR  |b BIBCUR  |d 2025-01-06  |e 3  |g 54590.00  |i 5663806  |o 611.8 AFI 2020  |p 5663806  |r 2025-04-22  |t 4  |v 54590.00  |w 2025-01-06  |y BK  |k KIN 
952 |0 0  |1 0  |2 ddc  |4 0  |6 611_800000000000000_AFI_2020  |7 0  |8 A  |9 598861  |a BIBCUR  |b BIBCUR  |d 2025-01-06  |e 3  |g 54590.00  |i 5663804  |o 611.8 AFI 2020  |p 5663804  |r 2025-04-22  |t 2  |v 54590.00  |w 2025-01-06  |y BK  |k KIN